| 000 | 00868nam a22002417a 4500 | ||
|---|---|---|---|
| 005 | 20240530110626.0 | ||
| 008 | 170103s2015 ua bha g 001 0 ara d | ||
| 017 |
_a2014/22656 _bمصر. دار الكتب |
||
| 020 | _a978977093314 | ||
| 040 |
_aEG-CaGPL _cEG-CaGPL |
||
| 082 | 0 | 4 |
_221 _a070.433\ _bى ف |
| 100 | 0 | _aيسرى فوده | |
| 245 | 1 | 0 |
_aفى طريق الاذى من معاقل القاعدة الى حواضن داعش / _cيسرى فوده |
| 250 | _aط. 3 | ||
| 260 |
_aالقاهرة : _bدار الشروق ، _c2015. |
||
| 300 |
_a234 ص. : _bايض ؛ _c24 سم. |
||
| 650 | 0 | 7 |
_2qrmak _aالارهاب |
| 650 | 0 | 7 |
_2qrmak _aالصحافة المصورة |
| 650 | 0 | 7 |
_2qrmak _aالصحافة _xالجولنب السياسية |
| 650 | 0 | 7 |
_2qrmak _aوكلات الاعلام |
| 942 |
_2ddc _cBK |
||
| 999 |
_c63148 _d63148 |
||